Normal view
MARC view
- القانون الدستوري-الاصلاح الدستوري-السلطات-النظم السياسية-الاردن
Entry Topical Term
001 - CONTROL NUMBER
- control field: 62844
003 - CONTROL NUMBER IDENTIFIER
- control field: JO-AjAnu
005 - DATE AND TIME OF LATEST TRANSACTION
- control field: 20230606084249.0
008 - FIXED-LENGTH DATA ELEMENTS
- fixed length control field: 230606|| aca||aabn | a|a d
040 ## - CATALOGING SOURCE
- Original cataloging agency: JO-AjAnu
- Transcribing agency: JO-AjAnu
150 ## - HEADING--TOPICAL TERM
- Topical term or geographic name entry element: القانون الدستوري-الاصلاح الدستوري-السلطات-النظم السياسية-الاردن
670 ## - SOURCE DATA FOUND
- Source citation: Work cat.: (JO-AjAnu)32044: العضايلة، امين سلامة, author 62843, الوجيز في النظام الدستوري